00462nam a2200145 a 450000100100000000500170001000800410002704000250006808200160009310000280010924500400013726000430017730000340022050000620025400003063420200930062424.0110525s2010 dr 000 0 spa d aDO-SdBNPbspacBNPHU axxxxbR789p1 aRosario, Rolandod1963-10aPoemas al mundo /cRolando Rosario. aSanto Domingo :bUniversitaria,c2010. a56 p. :bil., retr. ;c22 cm. aIncluye datos biográfico del autor en la contracubierta